|
|
|
|
| LEADER |
01035nam a2200301 a 4500 |
| 001 |
000016404 |
| 003 |
CZ BrMZK |
| 005 |
20200610171124.0 |
| 007 |
ta |
| 008 |
950101s1994 xr f cze d |
| 015 |
|
|
|a cnb000105403
|
| 020 |
|
|
|a 80-85794-14-4
|
| 040 |
|
|
|a BOA001
|b cze
|
| 080 |
|
|
|a 316.48
|2 MRF
|
| 100 |
1 |
|
|a Plamínek, Jiří,
|d 1958-
|7 jn20001103074
|4 aut
|
| 245 |
1 |
0 |
|a Řešení konfliktů a umění rozhodovat /
|c Jiří Plamínek
|
| 250 |
|
|
|a 1. vyd.
|
| 260 |
|
|
|a Praha :
|b Argo,
|c 1994
|
| 300 |
|
|
|a 198 s. :
|b obr., tab.
|
| 653 |
0 |
|
|a konflikty
|a rozhodování
|a vyjednávání
|
| 910 |
|
|
|a BOA001
|b 1-1005.508
|b PK-0122.143
|
| 920 |
|
|
|a 000028795
|
| 964 |
|
|
|a Rozhodování
|x konflikty
|x řešení
|
| 964 |
|
|
|a Konflikty
|x řešení
|x rozhodování
|
| 990 |
|
|
|a BK
|
| 991 |
|
|
|f 316.4/.7 PLA
|
| 996 |
6 |
|
|b 2610016775
|c 1-1005.508
|l MZK
|r Sklad / do 1 hodiny
|n 96
|p p.v.
|w 000016404
|u 000010
|a 1
|e BOA001
|j MZK50
|s P
|
| 996 |
7 |
|
|b 3119990408
|c PK-0122.143
|l Vol.výběr
|r VV 0p
|n 94
|h 316.4/.7 PLA
|w 000016404
|u 000030
|a 0
|e BOA001
|j MZK50
|s A
|